| 000 | 01975nam0a2200325 4500 | ||
|---|---|---|---|
| 001 | RU\NLR\BIBL_A\016239422 | ||
| 005 | 20250625005347.0 | ||
| 035 | _a(NLR Aleph) 016239422 | ||
| 090 |
_a12792632 _c12792632 |
||
| 100 | _a20221215d2022 |||y0rusy50 ca | ||
| 101 | 0 | _arus | |
| 102 | _aRU | ||
| 105 | _aa z 000zy | ||
| 181 | 0 |
_ai _baxxe |
|
| 182 | 0 | _an | |
| 200 | 1 |
_aМоя малая Родина: история бурятских поселений _e[сборник конкурсных работ библиотек края - участников краевого конкурса _eизбранное] _fАссоциация библиотек "Библиотечное содружество Забайкалья", ГУК "Забайкальская краевая универсальная научная библиотека им. А. С. Пушкина" _gредактор - В. В. Кругляк |
|
| 203 |
_aТекст _bвизуальный _cнепосредственный |
||
| 210 |
_aЧита _cЧитинская гор. типогр. _d2022 |
||
| 215 |
_a275 с. _cил. _d22 |
||
| 607 |
_aБурятия _jСборники _xИсторико-этнографические исследования _92182617 _3RU\NLR\AUTH\6601548897 |
||
| 686 | 1 | _aТ3(2Р-6Бу)я43 | |
| 686 | 1 | _aТ52(251.7=Бу)я43 | |
| 702 | 1 |
_aКругляк _bВ. В. _gВадим Витальевич _4340 |
|
| 711 | 1 | 2 |
_a"Моя малая Родина", краеведческий конкурс _eЧита _f2021 _9825671 _3RU\NLR\AUTH\880580032 |
| 712 | 0 | 2 |
_4557 _a"Библиотечное содружество Забайкалья", ассоциация библиотек _cЧита _9825638 _3RU\NLR\AUTH\880580016 |
| 942 | _cBOOK | ||
| 980 | _aNB | ||